| 000 | 00405cam a2200181 4500 | ||
|---|---|---|---|
| 001 | D3529 | ||
| 008 | 090401t1980 xxu||||| |||| 00| 0 eng d | ||
| 035 | _a(Sirsi) u73619 | ||
| 041 | _aeng | ||
| 050 | _a333.337 | ||
| 110 |
_aThe Estates Times Review _9309 |
||
| 245 | _aRetailing | ||
| 260 |
_aLondon _bEstates Times _c1980 |
||
| 300 | _a62p. ill | ||
| 350 | _a0 | ||
| 942 | _n0 | ||
| 948 | _c04/03/1997 | ||
| 999 |
_c95651 _d95651 |
||